00522nam a22001575i 4500001000700000003000900007005001700016008004100033080002000074100002000094245009200114260004900206300002200255700002100277852006600298170899ES-MaACL20230906214506.0090415s1890 fr |||| | fre d a821.133.1-2"18"1 aMeilhac, Henri.10aMam'zelle Nitouche b: comédie-vaudeville en trois actes / cH. Meilhac & A. Millaud. aParis : bLibrairie Théâtrale, c[1890?] a116 p. ; c19 cm.1 aMillaud, Albert.4 aES-MaACLjE-12568 z. - Biblioteca Jacinto Martínez Lacalle